[Event "Jm KP I 24-25 Veseli-Universita B"]
[Site "?"]
[Date "2024.11.10"]
[Round "8.6"]
[White "Riha, Otmar"]
[Black "Krizek, Frantisek"]
[Result "1/2-1/2"]
[WhiteElo "1928"]
[BlackElo "1924"]
[PlyCount "32"]
[EventDate "2024.??.??"]

1. d4 d5 2. Nf3 Nf6 3. c4 e6 4. Nc3 c6 5. e3 Nbd7 6. Bd3 Bd6 7. O-O O-O 8. b3
e5 9. dxe5 Nxe5 10. Nxe5 Bxe5 11. Bb2 dxc4 12. Bxc4 Qe7 13. Qc2 Bc7 14. Bd3 Kh8
15. Rad1 Bg4 16. Be2 Bxe2 1/2-1/2

[Event "Jm KP I 24-25 Veseli-Universita B"]
[Site "?"]
[Date "2024.11.10"]
[Round "8.7"]
[White "Vrtal, Jaroslav"]
[Black "Zerdaloglu, Vasilis"]
[Result "1-0"]
[WhiteElo "1952"]
[BlackElo "1760"]
[PlyCount "63"]
[EventDate "2024.??.??"]

1. d4 Nf6 2. Nf3 d5 3. e3 e6 4. Nbd2 c5 5. c3 Nc6 6. Bd3 Bd7 7. O-O Be7 8. Qe2
Qc7 9. dxc5 Bxc5 10. e4 dxe4 11. Nxe4 Be7 12. Bd2 O-O 13. Rad1 Nd5 14. Bb1 Rad8
15. Rfe1 Ne5 16. Nxe5 Qxe5 17. c4 Nf4 18. Qe3 Ng6 19. Bc3 Qb8 20. Ng3 Rfe8 21.
Nh5 f6 22. Rxd7 Nf8 23. Rxd8 Rxd8 24. Ng3 b6 25. Ne4 Qc8 26. b3 Qc6 27. g3 e5
28. Qe2 Qe8 29. Rd1 Rxd1+ 30. Qxd1 Kh8 31. Bc2 Qb8 32. Qd5 1-0

[Event "Jm KP I. 24-25 Duras B-Orechov"]
[Site "?"]
[Date "2024.11.10"]
[Round "9.1"]
[White "Glozar, Petr"]
[Black "Husek, Martin"]
[Result "1/2-1/2"]
[WhiteElo "2149"]
[BlackElo "2210"]
[PlyCount "82"]
[EventDate "2022.02.06"]

1. Nf3 c5 2. c4 g6 3. Nc3 Bg7 4. e3 Nf6 5. b3 Ne4 6. Bb2 Nxc3 7. Bxc3 Bxc3 8.
dxc3 O-O 9. h4 h6 10. Bd3 d6 11. Bc2 Qa5 12. Qd3 h5 13. Ng5 Nd7 14. O-O Ne5 15.
Qd2 Qc7 16. Rae1 Kg7 17. Bb1 Bd7 18. f4 Ng4 19. e4 f6 20. Nh3 e5 21. f5 Rad8
22. Nf2 Nxf2 23. Qxf2 g5 24. Qe3 Bc6 25. b4 cxb4 26. cxb4 Qb6 27. Qxb6 axb6 28.
b5 Be8 29. a4 Kf7 30. Bd3 Ke7 31. Ra1 Ra8 32. Rfc1 Bf7 33. Kf2 Ra7 34. Rc2 Rfa8
35. Rca2 Rc8 36. Rc2 Rca8 37. Rca2 Rc8 38. Rc2 Raa8 39. g3 Rc7 40. Ke3 Be8 41.
Kd2 Bf7 1/2-1/2

[Event "Jm KP I. 24-25 Duras B-Orechov"]
[Site "?"]
[Date "2024.11.10"]
[Round "9.2"]
[White "Tlaskal, Martin"]
[Black "Tikovsky, Alexandr"]
[Result "1/2-1/2"]
[WhiteElo "2111"]
[BlackElo "2071"]
[PlyCount "125"]
[EventDate "2022.02.06"]

1. e4 c6 2. d4 d5 3. e5 c5 4. Nf3 cxd4 5. Qxd4 Nc6 6. Bb5 e6 7. Nc3 Nge7 8. Bf4
Bd7 9. Qd3 Ng6 10. Bg3 f5 11. exf6 Qxf6 12. O-O Be7 13. Rfe1 a6 14. Bxc6 bxc6
15. Ne5 Nxe5 16. Bxe5 Qf7 17. Qg3 O-O 18. Rad1 Bf6 19. Bxf6 Qxf6 20. Na4 Be8
21. Nc5 Bh5 22. Rxe6 Qxb2 23. Rde1 Ra7 24. Qh4 Bf7 25. R6e2 Qxa2 26. h3 Qa5 27.
Qd4 Qb6 28. Re7 a5 29. c3 h6 30. Na4 Qxd4 31. cxd4 Rxe7 32. Rxe7 Rb8 33. Ra7
Rb4 34. Ra8+ Kh7 35. Nc5 Rxd4 36. Nd7 h5 37. Rxa5 Rd1+ 38. Kh2 Rc1 39. Kg3 Be8
40. Nc5 Rc2 41. Ne6 h4+ 42. Kxh4 Rxf2 43. Ra8 Bf7 44. Ng5+ Kg6 45. Rc8 Rf6 46.
Rc7 d4 47. Nxf7 Rxf7 48. Rxc6+ Kf5 49. g4+ Kf4 50. Rd6 Ke3 51. Kg5 d3 52. h4 d2
53. h5 Rf1 54. Rxd2 Kxd2 55. Kg6 Rg1 56. Kxg7 Rxg4+ 57. Kf6 Ke3 58. h6 Kf4 59.
h7 Rh4 60. Kg7 Rg4+ 61. Kf6 Rh4 62. Kg7 Rg4+ 63. Kf6 1/2-1/2

[Event "Jm KP I. 24-25 Duras B-Orechov"]
[Site "?"]
[Date "2024.11.10"]
[Round "9.3"]
[White "Tuma, Miroslav"]
[Black "Lakatos, Tomas"]
[Result "1/2-1/2"]
[WhiteElo "1888"]
[BlackElo "2055"]
[PlyCount "31"]
[EventDate "2022.02.06"]

1. e4 c5 2. Nf3 d6 3. d4 cxd4 4. Nxd4 Nf6 5. Nc3 g6 6. f4 Bg7 7. e5 Ng8 8. Bb5+
Kf8 9. Be3 a6 10. Ba4 Bd7 11. exd6 Bxa4 12. Nxa4 Qxd6 13. O-O Nd7 14. c4 Rd8
15. Nc2 Qc7 16. Na3 1/2-1/2

[Event "Jm KP I. 24-25 Duras B-Orechov"]
[Site "?"]
[Date "2024.11.10"]
[Round "9.4"]
[White "Messerschmidt, Stanislav"]
[Black "Luc, Martin"]
[Result "1/2-1/2"]
[WhiteElo "1952"]
[BlackElo "1916"]
[PlyCount "142"]
[EventDate "2022.02.06"]

1. c4 Nf6 2. Nc3 e5 3. g3 d5 4. cxd5 Nxd5 5. Bg2 Nb6 6. d3 Be7 7. Nf3 Nc6 8. a4
Be6 9. a5 Nd5 10. a6 O-O 11. axb7 Rb8 12. Ng5 Bxg5 13. Bxg5 f6 14. Bc1 Rxb7 15.
Ra6 Rb6 16. Qa4 Ncb4 17. Rxa7 Nxc3 18. bxc3 Nxd3+ 19. exd3 Qxd3 20. Qd1 Qxc3+
21. Qd2 Qc4 22. Ra3 Rd6 23. Qc3 Qb5 24. Ra5 Qc4 25. Qxc4 Bxc4 26. Bf1 Bd5 27.
Rxd5 Rxd5 28. Bc4 c6 29. Ke2 Rfd8 30. Bd2 Kf7 31. Rb1 Kg6 32. Bxd5 cxd5 33. f3
h5 34. Rb4 Rd7 35. h3 Rc7 36. Rb5 Rd7 37. Rb6 Kf5 38. g4+ hxg4 39. hxg4+ Kg6
40. Bb4 Rc7 41. Rd6 Rc2+ 42. Bd2 Rc5 43. Kd3 Rb5 44. Rd7 Rb3+ 45. Ke2 d4 46.
Kf2 Rb2 47. Ke1 Rb1+ 48. Ke2 Rb3 49. Rd5 Ra3 50. f4 exf4 51. Bxf4 Ra2+ 52. Kf3
Ra3+ 53. Ke4 Ra1 54. Rxd4 Rg1 55. Kf3 Rf1+ 56. Kg3 Rg1+ 57. Kh3 Rh1+ 58. Bh2
Kg5 59. Rd5+ Kg6 60. Rf5 Kh6 61. Rf2 Kg5 62. Kg3 Rb1 63. Rf5+ Kg6 64. Kg2 Rb2+
65. Kh3 Rb1 66. Rc5 Rh1 67. Rc3 Kg5 68. Rc5+ Kg6 69. Kg2 Rb1 70. Bg3 Rb2+ 71.
Bf2 Rb3 1/2-1/2

[Event "Jm KP I. 24-25 Duras B-Orechov"]
[Site "?"]
[Date "2024.11.10"]
[Round "9.5"]
[White "Fencl, Vaclav"]
[Black "Kubat, Pavel"]
[Result "1/2-1/2"]
[WhiteElo "1893"]
[BlackElo "1940"]
[PlyCount "101"]
[EventDate "2022.02.06"]

1. e4 c5 2. Nc3 Nc6 3. f4 g6 4. Nf3 Bg7 5. Bc4 d6 6. O-O e6 7. d3 Nge7 8. Qe1
O-O 9. f5 d5 10. Bb3 c4 11. dxc4 dxe4 12. f6 Bxf6 13. Nxe4 Bg7 14. Bg5 f6 15.
Rd1 Qc7 16. Bd2 Kh8 17. Bc3 e5 18. c5 Nd8 19. Nfg5 Nf5 20. g4 fxg5 21. gxf5
Rxf5 22. Rxf5 Bxf5 23. Nxg5 h6 24. Rxd8+ Rxd8 25. Nf7+ Kh7 26. Nxd8 Qxd8 27.
Bxe5 Qg5+ 28. Bg3 h5 29. Kf1 Bxb2 30. Qe8 Bh3+ 31. Ke2 Bg4+ 32. Kd3 Qf5+ 33.
Kc4 Qf1+ 34. Kb4 a5+ 35. Ka4 b5+ 36. cxb6 Qf6 37. b7 Qd4+ 38. Kxa5 Qc5+ 39. Qb5
Qa7+ 40. Kb4 Qa3+ 41. Kc4 Be2+ 42. Kd5 Bxb5 43. b8=Q Bf1 44. Bc7 Qe7 45. Kc6
Bg2+ 46. Kb5 Qd7+ 47. Kb4 Qd2+ 48. Kb5 Qd7+ 49. Kb4 Qd2+ 50. Kb5 Qd7+ 51. Kb4
1/2-1/2

[Event "Jm KP I. 24-25 Duras B-Orechov"]
[Site "?"]
[Date "2024.11.10"]
[Round "9.6"]
[White "Kubicek, Pavel"]
[Black "Tajovsky, Matej"]
[Result "0-1"]
[WhiteElo "1940"]
[BlackElo "2056"]
[PlyCount "74"]
[EventDate "2022.02.06"]

1. e4 c5 2. Nf3 Nc6 3. Bc4 a6 4. a4 g6 5. O-O Bg7 6. Nc3 Nf6 7. d3 O-O 8. Bg5
d6 9. h3 Rb8 10. Qd2 Be6 11. Nd5 b5 12. axb5 axb5 13. Nxf6+ exf6 14. Bxe6 fxe6
15. Bh6 Qc7 16. Bxg7 Kxg7 17. Nh2 e5 18. Ng4 Nd4 19. c3 Ne6 20. g3 Kh8 21. Ne3
f5 22. Nd5 Qd7 23. Qh6 f4 24. Qh4 c4 25. dxc4 bxc4 26. Ra2 fxg3 27. Qxg3 Nf4
28. Nxf4 exf4 29. Qf3 g5 30. Rd1 g4 31. hxg4 Rg8 32. Kf1 Rxg4 33. e5 Rbg8 34.
Rxd6 Qf5 35. Raa6 Rg1+ 36. Ke2 Qxe5+ 37. Kd2 Qe1+ 0-1

[Event "Jm KP I. 24-25 Duras B-Orechov"]
[Site "?"]
[Date "2024.11.10"]
[Round "9.7"]
[White "Chmelicek, Bronislav"]
[Black "Paral, Stanislav"]
[Result "1/2-1/2"]
[WhiteElo "1914"]
[BlackElo "1978"]
[PlyCount "57"]
[EventDate "2022.02.06"]

1. e4 g6 2. d4 Bg7 3. Nc3 c5 4. d5 d6 5. Nf3 Nf6 6. Bb5+ Nbd7 7. a4 O-O 8. O-O
a6 9. Bc4 Qc7 10. Re1 Rb8 11. Bg5 Re8 12. h3 Nb6 13. Bf1 Bd7 14. a5 Nc8 15. e5
dxe5 16. Nxe5 Nd6 17. Nxd7 Qxd7 18. Na4 Qf5 19. Bxf6 Bxf6 20. c4 Bd4 21. Qf3
Qxf3 22. gxf3 e6 23. Rad1 Nf5 24. dxe6 Rxe6 25. Rxe6 fxe6 26. Bd3 Rd8 27. Kg2
Rd6 28. Be4 Be5 29. Rxd6 1/2-1/2

[Event "Jm KP I. 24-25 Duras B-Orechov"]
[Site "?"]
[Date "2024.11.10"]
[Round "9.8"]
[White "Bucek, Miroslav"]
[Black "Hyrs, Martin"]
[Result "1/2-1/2"]
[WhiteElo "1756"]
[BlackElo "1871"]
[PlyCount "40"]
[EventDate "2022.02.06"]

1. e4 e5 2. Nf3 Nf6 3. Nxe5 d6 4. Nf3 Nxe4 5. d4 d5 6. Bd3 Be7 7. O-O Bf5 8.
Re1 Nc6 9. Nc3 Nxc3 10. bxc3 Bxd3 11. Qxd3 O-O 12. Rb1 Na5 13. Bf4 Bd6 14. Bxd6
Qxd6 15. Re2 Qd7 16. Rbe1 Rae8 17. Ng5 g6 18. h4 h5 19. Nf3 Nc4 20. Ne5 Nxe5
1/2-1/2

[Event "Jm KP I 24-25 Hustopece-Lipovec"]
[Site "?"]
[Date "2024.11.10"]
[Round "10.1"]
[White "Kuchynka, Lukas"]
[Black "Pernicova, Tana"]
[Result "1/2-1/2"]
[WhiteElo "2270"]
[BlackElo "2019"]
[PlyCount "86"]

{[%evp 0,22,19,31,14,23,51,51,34,39,42,36,35,23,42,25,26,22,17,7,22,11,5,11,23]
} 1. d4 1... Nf6 2. Bf4 b6 3. e3 Bb7 4. Nd2 g6 5. h3 Bg7 6. Ngf3 O-O 7. Bd3 d6
8. O-O Nbd7 9. e4 Nh5 10. Bh2 e5 11. c3 Nf4 12. Bc4 Qe7 13. Re1 Kh8 14. b4 Rad8
15. Qb3 Ne6 16. dxe5 dxe5 17. a4 Nf4 18. a5 Nb8 19. axb6 axb6 20. Ra7 Bc8 21.
Nf1 Nc6 22. Raa1 Qf6 23. Re3 g5 24. Ne1 h5 25. Rd1 Be6 26. Nd3 g4 27. hxg4 Bxg4
28. Rde1 Qg5 29. g3 Nh3+ 30. Kg2 f5 31. exf5 Qxf5 32. f4 exf4 33. Nxf4 Ne5 34.
Rxe5 Bxe5 35. Rxe5 Nxf4+ 36. gxf4 Bh3+ 37. Kh1 Qg4 38. Qc2 Qf3+ 39. Kg1 Rg8+
40. Rg5 Rxg5+ 41. fxg5 Qg4+ 42. Kh1 Qf3+ 43. Kg1 Qg4+ 1/2-1/2

[Event "Jm KP I 24-25 Hustopece-Lipovec"]
[Site "?"]
[Date "2024.11.10"]
[Round "10.2"]
[White "Krejci, Petr"]
[Black "Markovic, Ivan"]
[Result "1/2-1/2"]
[WhiteElo "1918"]
[BlackElo "1976"]
[PlyCount "29"]

1. e4 d6 2. d4 Nf6 3. Nc3 e5 4. dxe5 dxe5 5. Qxd8+ Kxd8 6. Nf3 Bd6 7. Bc4 Be6
8. Bd3 h6 9. Bd2 a6 10. a3 Ke7 11. O-O b5 12. Rfe1 Nbd7 13. h3 c6 14. Ne2 Nc5
15. Ng3 1/2-1/2

[Event "Jm KP I 24-25 Hustopece-Lipovec"]
[Site "?"]
[Date "2024.11.10"]
[Round "10.3"]
[White "Vaculik, Martin"]
[Black "Sekanina, Jiri"]
[Result "1/2-1/2"]
[WhiteElo "1958"]
[BlackElo "1987"]
[PlyCount "65"]

{[%evp 0,22,14,-5,-6,10,5,-10,32,19,18,15,22,12,20,2,20,-11,14,18,27,41,45,46,
56]} 1. g3 1... c5 2. Bg2 Nc6 3. Nf3 g6 4. c4 Bg7 5. Nc3 e6 6. O-O Nge7 7. d3
O-O 8. Be3 d6 9. Rc1 Nf5 10. Bf4 e5 11. Bd2 h6 12. Rb1 Be6 13. a3 Rc8 14. Ne1
Qd7 15. Nc2 Kh7 16. b4 b6 17. Nd5 Ncd4 18. Nxd4 Nxd4 19. e3 Nf5 20. a4 Ne7 21.
Nxe7 Qxe7 22. a5 Qd7 23. Qb3 Rfd8 24. e4 b5 25. Rfc1 Rc7 26. Qa3 bxc4 27. dxc4
cxb4 28. Qxb4 Rdc8 29. Bf1 Qc6 30. Bd3 Bf8 31. Qb5 Be7 32. Be3 a6 33. Qxc6
1/2-1/2

[Event "Jm KP I 24-25 Hustopece-Lipovec"]
[Site "?"]
[Date "2024.11.10"]
[Round "10.4"]
[White "Flasar, Roman"]
[Black "Hradek, Matyas"]
[Result "1/2-1/2"]
[WhiteElo "1926"]
[BlackElo "1949"]
[PlyCount "31"]

{[%evp 0,28,15,14,13,-10,20,27,31,-3,43,43,48,31,38,39,38,33,61,33,35,48,44,13,
28,30,41,26,26,26,72]} 1. d4 1... d5 2. c4 c6 3. Nc3 Nf6 4. Nf3 e6 5. e3 Be7 6.
Bd3 O-O 7. O-O Nbd7 8. e4 dxe4 9. Nxe4 Nxe4 10. Bxe4 Nf6 11. Bd3 c5 12. Be3 Ng4
13. Qc2 f5 14. Rad1 Qc7 15. Rfe1 Bd7 16. h3 1/2-1/2

[Event "Jm KP I 24-25 Hustopece-Lipovec"]
[Site "?"]
[Date "2024.11.10"]
[Round "10.5"]
[White "Urban, Vlastimil"]
[Black "Flasar, Jan"]
[Result "0-1"]
[WhiteElo "1932"]
[BlackElo "1690"]
[PlyCount "114"]
[EventDate "2024.??.??"]

{[%evp 0,22,18,10,20,-9,-4,-4,-4,-42,11,12,36,20,33,-2,19,-25,21,21,5,22,35,12,
47]} 1. d4 1... d5 2. c4 e6 3. Nc3 Nf6 4. Bg5 Be7 5. e3 c6 6. Qc2 Nbd7 7. Bd3
h6 8. Bh4 dxc4 9. Bxc4 b5 10. Bd3 a6 11. Rd1 c5 12. dxc5 Bxc5 13. Nge2 Qb6 14.
O-O Bb7 15. a3 O-O 16. e4 e5 17. b4 Bd6 18. Qd2 Bc7 19. Ng3 Rfd8 20. Nf5 Nf8
21. a4 Re8 22. a5 Qe6 23. Qe3 Ng6 24. Bxf6 Qxf6 25. Bb1 Nf4 26. Qc5 Rac8 27.
Qe3 Bb8 28. Kh1 Qg5 29. Ng3 h5 30. Nd5 Bxd5 31. exd5 h4 32. Qe4 g6 33. Ne2 Rc4
34. Qf3 e4 35. Bxe4 Rcxe4 36. Nxf4 Rxf4 37. Qh3 Rfe4 38. g3 Re2 39. Kg1 Bd6 40.
Qxh4 Qxh4 41. gxh4 Bxb4 42. d6 Rd8 43. d7 Re7 44. h5 Rexd7 45. Ra1 gxh5 46.
Rfc1 Rd2 47. Kg2 Rb2 48. Rc6 Rd6 49. Rac1 Rxc6 50. Rxc6 Bxa5 51. Rxa6 Bc3 52.
Rd6 b4 53. Rd5 b3 54. Rb5 Rb1 55. Rxh5 Rc1 56. Rb5 b2 57. Rb8+ Kg7 0-1

[Event "Jm KP I 24-25 Hustopece-Lipovec"]
[Site "?"]
[Date "2024.11.10"]
[Round "10.6"]
[White "Hubeny, Pavel"]
[Black "Sedy, Ctirad"]
[Result "1/2-1/2"]
[WhiteElo "1809"]
[BlackElo "1901"]
[PlyCount "76"]

{[%evp 0,16,20,33,51,2,45,31,83,14,24,-3,6,-4,-18,-52,-31,-38,8]} 1. e4 1... c5
2. f4 Nc6 3. Nf3 g6 4. Bb5 Bg7 5. Bxc6 bxc6 6. d3 d6 7. c3 Qc7 8. O-O Bg4 9. h3
Bxf3 10. Qxf3 Rb8 11. Nd2 Nf6 12. Rf2 O-O 13. Nf1 Nd7 14. g4 Rb5 15. h4 d5 16.
exd5 cxd5 17. Qxd5 Nf6 18. Qf3 Qd7 19. Nh2 Rd8 20. Rd2 Qb7 21. a4 Rb3 22. Kf2
Qa6 23. Ra2 Nd5 24. Nf1 Qf6 25. Kg3 e5 26. Rf2 c4 27. dxc4 exf4+ 28. Kg2 Nb6
29. Qxf4 Qc6+ 30. Kg1 Nxc4 31. Qxf7+ Kh8 32. Be3 Rb7 33. Qf3 Qxf3 34. Rxf3 Ne5
35. Rg3 Nc4 36. Rg2 Rd1 37. Bd4 Bxd4+ 38. cxd4 Rxd4 1/2-1/2

[Event "Jm KP I 24-25 Hustopece-Lipovec"]
[Site "?"]
[Date "2024.11.10"]
[Round "10.7"]
[White "Sknouril, Jakub"]
[Black "Sevcik, Milan"]
[Result "1/2-1/2"]
[WhiteElo "1821"]
[BlackElo "1843"]
[PlyCount "46"]

{[%evp 0,18,20,20,30,-4,57,49,32,27,12,23,53,7,3,2,1,5,20,-47,-18]} 1. Nf3 1...
Nf6 2. c4 g6 3. Nc3 Bg7 4. g3 d6 5. Bg2 e5 6. d3 Nc6 7. Bd2 Bg4 8. O-O Qd7 9.
Qa4 O-O 10. Bg5 Bh3 11. Bxf6 Bxf6 12. Nd5 Bd8 13. Qc2 Bxg2 14. Kxg2 Kg7 15. h4
Nd4 16. Nxd4 exd4 17. Rh1 h5 18. Qd2 c6 19. Nf4 Rh8 20. Rae1 Bf6 21. Nh3 Rae8
22. Ng5 Bxg5 23. Qxg5 Qg4 1/2-1/2

[Event "Jm KP I 24-25 Hustopece-Lipovec"]
[Site "?"]
[Date "2024.11.10"]
[Round "10.8"]
[White "Sevcik, Lubos"]
[Black "Oujesky, Jakub"]
[Result "1/2-1/2"]
[WhiteElo "1842"]
[BlackElo "1694"]
[PlyCount "42"]

{[%evp 0,19,20,20,23,-4,-4,-12,-3,-12,2,-17,0,0,18,18,33,26,26,27,63,8]} 1. d4
1... d5 2. c4 e6 3. a3 Nf6 4. Nc3 Be7 5. Bg5 Nbd7 6. e3 O-O 7. Nf3 c6 8. Bd3
dxc4 9. Bxc4 b5 10. Be2 a5 11. O-O Bb7 12. Qc2 Nb6 13. Rfc1 b4 14. axb4 axb4
15. Ne4 Nxe4 16. Bxe7 Qxe7 17. Qxe4 c5 18. Qe5 cxd4 19. Qxd4 Nd5 20. Ne5 Rxa1
21. Rxa1 Rc8 1/2-1/2

[Event "Jm KP I 24-25 Sloup-Vyskov"]
[Site "Sloup, board 1"]
[Date "2024.11.10"]
[Round "11.1"]
[White "Pokladnik, Martin"]
[Black "Cermak, Jan"]
[Result "0-1"]
[WhiteElo "2054"]
[BlackElo "2014"]
[PlyCount "52"]

1. d4 d5 2. c4 c6 3. Nf3 Nf6 4. Nc3 dxc4 5. e3 b5 6. a4 b4 7. Na2 e6 8. Ne5 Bb7
9. Bxc4 Nbd7 10. Bd2 a5 11. Nd3 c5 12. O-O cxd4 13. exd4 Be7 14. Nac1 Qb6 15.
Bb5 Qxd4 16. Ne2 Qg4 17. f3 Qf5 18. Rc1 O-O 19. Be3 Ba6 20. Nd4 Qh5 21. Bc6
Rad8 22. Qb3 Bd6 23. g3 Nc5 24. Nxc5 Bxc5 25. Nb5 Rd2 26. h4 Qe5 0-1

[Event "Jm KP I 24-25 Sloup-Vyskov"]
[Site "Sloup, board 2"]
[Date "2024.11.10"]
[Round "11.2"]
[White "Volak, Simon"]
[Black "Bohacek, Milan"]
[Result "1-0"]
[WhiteElo "2120"]
[BlackElo "1998"]
[PlyCount "133"]

1. d4 d6 2. c4 Nf6 3. Nc3 g6 4. e4 Bg7 5. Be2 O-O 6. h4 h5 7. Nh3 c6 8. Bg5
Nbd7 9. Qd2 Qc7 10. f3 e5 11. d5 cxd5 12. cxd5 a6 13. Rc1 Qb6 14. Be3 Qa5 15.
a3 Nh7 16. b4 Qd8 17. Ng5 Ndf6 18. a4 Bd7 19. a5 Rc8 20. O-O Nxg5 21. Bxg5 Qe8
22. Rb1 Nh7 23. Be3 f5 24. b5 axb5 25. Bxb5 f4 26. Bf2 Rf7 27. Rb2 Ra8 28. Bxd7
Rxd7 29. Na4 Rc7 30. Nb6 Rd8 31. Rfb1 Bf6 32. Rc1 Rxc1+ 33. Qxc1 Qe7 34. Qe1
Kg7 35. Rc2 Kh6 36. Kf1 Rg8 37. Qc1 Rg7 38. Nc8 Qd8 39. Qa3 Rd7 40. Bb6 Qf8 41.
Qa4 Qf7 42. Qb4 Qf8 43. Qb5 Qf7 44. Qb4 Qf8 45. Bf2 Qd8 46. Nb6 Rc7 47. Nc4 Rd7
48. Qe1 Rg7 49. Rb2 Rd7 50. Rb6 Qc7 51. Qb4 Be7 52. Ke2 Nf6 53. Kd3 Ne8 54. a6
bxa6 55. Rxa6 Qc8 56. Rc6 Rc7 57. Qb5 Qb7 58. Qxb7 Rxb7 59. Rb6 Rxb6 60. Nxb6
Kg7 61. Kc4 Nc7 62. Nc8 Kf7 63. Bb6 Ne8 64. Kb5 Bxh4 65. Kc6 Be7 66. Bc7 g5 67.
Bxd6 {Black lost on time} 1-0

[Event "Jm KP I 24-25 Sloup-Vyskov"]
[Site "Sloup, board 3"]
[Date "2024.11.10"]
[Round "11.3"]
[White "Sevcik, Leos"]
[Black "Zabloudil, Radek"]
[Result "1-0"]
[WhiteElo "1995"]
[BlackElo "1961"]
[PlyCount "83"]

1. e4 c5 2. Nf3 g6 3. d4 cxd4 4. Nxd4 Nc6 5. Be3 Bg7 6. Nc3 Nf6 7. Be2 d5 8.
exd5 Nxd5 9. Nxd5 Qxd5 10. Bf3 Qa5+ 11. c3 Ne5 12. Be2 O-O 13. O-O Bd7 14. Qb3
Qc7 15. Rad1 Ng4 16. Bxg4 Bxg4 17. f3 Bd7 18. Nb5 Qe5 19. Rxd7 Qxe3+ 20. Kh1
Rad8 21. Qd5 Qb6 22. Rd1 Rxd7 23. Qxd7 a6 24. Nc7 Qxb2 25. Qxe7 Qxc3 26. Nd5
Qc6 27. Qb4 Qc2 28. Qd2 Qxd2 29. Rxd2 Re8 30. g4 f5 31. gxf5 gxf5 32. Nc7 Re7
33. Rd8+ Bf8 34. Nd5 Rf7 35. Kg2 Kg7 36. Kg3 Kg6 37. Kf4 Bh6+ 38. Ke5 Bd2 39.
Ke6 f4 40. Ne7+ Rxe7+ 41. Kxe7 b6 42. Rxd2 1-0

[Event "Jm KP I 24-25 Sloup-Vyskov"]
[Site "Sloup, board 4"]
[Date "2024.11.10"]
[Round "11.4"]
[White "Rozumek, Vlastimil"]
[Black "Moc, Roman"]
[Result "1/2-1/2"]
[WhiteElo "1960"]
[BlackElo "1946"]
[PlyCount "130"]

1. d4 Nf6 2. Nf3 e6 3. Bg5 d5 4. e3 c5 5. c3 Nc6 6. Nbd2 Be7 7. Bd3 h6 8. Bh4
b6 9. Bb5 Bd7 10. Qa4 Nb8 11. Ne5 Bxb5 12. Qxb5+ Nfd7 13. Bxe7 Qxe7 14. f4 O-O
15. Ndf3 a6 16. Qe2 Nxe5 17. Nxe5 Nd7 18. Nxd7 Qxd7 19. g4 f6 20. O-O-O cxd4
21. exd4 Qd6 22. Rhf1 b5 23. Rde1 Rae8 24. a3 Qc7 25. Rf3 Re7 26. Kb1 Qc4 27.
Qd2 Qc7 28. h4 Qd7 29. Rg3 Qd6 30. Qe3 Kf7 31. g5 hxg5 32. hxg5 Ke8 33. g6 Kd7
34. Rh3 Rb8 35. Rh5 Rbe8 36. Qg3 Kc6 37. Rh4 Kd7 38. Qd3 Kc6 39. Kc2 Rc8 40. a4
Kb6 41. axb5 axb5 42. Ra1 Qc6 43. Rhh1 Ra8 44. Rxa8 Qxa8 45. Qe3 Qa4+ 46. Kb1
Kc6 47. Re1 Kd7 48. Qg3 Qa7 49. Qd3 Kc6 50. Qc2 Qa5 51. f5 Qc7 52. fxe6 Qg3 53.
Qe2 Qxg6+ 54. Kc1 Qf5 55. b3 g5 56. Kb2 Qf4 57. Ra1 Kb6 58. b4 Qd6 59. Ra5 Qc6
60. Qh2 Rc7 61. Qh3 g4 62. Qe3 Re7 63. Qf4 Rc7 64. Qe3 Re7 65. Qf4 Rc7 1/2-1/2

[Event "Jm KP I 24-25 Sloup-Vyskov"]
[Site "Sloup, board 5"]
[Date "2024.11.10"]
[Round "11.5"]
[White "Moc, Martin"]
[Black "Hejny, Jaroslav"]
[Result "1-0"]
[WhiteElo "1976"]
[BlackElo "1993"]
[PlyCount "111"]

1. d4 d5 2. c4 e6 3. Nc3 Nf6 4. Nf3 Be7 5. e3 O-O 6. Bd3 b6 7. O-O Bb7 8. b3 c5
9. Bb2 Nbd7 10. Qe2 Rc8 11. Rfd1 Qc7 12. Rac1 Qb8 13. cxd5 exd5 14. Bf5 Rcd8
15. Bxd7 Rxd7 16. Ne5 Rdd8 17. Na4 Bd6 18. f4 Ne4 19. Qg4 Qc8 20. f5 f6 21. Nd3
c4 22. Nf4 Bxf4 23. Qxf4 Qd7 24. Ba3 Rfe8 25. Nc3 Nxc3 26. Rxc3 Ba6 27. g4 Re4
28. Qg3 g5 29. Rd2 cxb3 30. axb3 Qb5 31. h3 Ree8 32. Rdc2 Qf1+ 33. Kh2 Bd3 34.
Rf2 Qb1 35. Bc1 Rc8 36. Rc7 Be4 37. Qd6 Qxc1 38. Rxc1 Rxc1 39. Re2 Rh1+ 40. Kg3
Kf7 41. Rh2 Rg1+ 42. Kf2 Rc1 43. h4 Rec8 44. Qe6+ Kg7 45. Qe7+ Kg8 46. Qxf6
R8c2+ 47. Kg3 Rg1+ 48. Kh3 Bg2+ 49. Rxg2 Rcxg2 50. Qxg5+ Kf7 51. Qh5+ Kg7 52.
f6+ Kxf6 53. Qg5+ Ke6 54. Qe5+ Kf7 55. Qxd5+ Kg7 56. Qxg2 1-0

[Event "Jm KP I 24-25 Sloup-Vyskov"]
[Site "Sloup, board 6"]
[Date "2024.11.10"]
[Round "11.6"]
[White "Sysel, Michal"]
[Black "Skocik, Marek"]
[Result "0-1"]
[WhiteElo "1881"]
[BlackElo "1971"]
[PlyCount "84"]

1. Nf3 d5 2. g3 Nf6 3. Bg2 g6 4. O-O Bg7 5. d4 O-O 6. Bf4 c6 7. c3 Qb6 8. Qb3
h6 9. Qxb6 axb6 10. Bxb8 Rxb8 11. Nbd2 Ra8 12. a3 g5 13. Ne5 Bf5 14. f4 g4 15.
Rfe1 Rfd8 16. e4 dxe4 17. Nxe4 Nd5 18. Nf2 h5 19. Nc4 b5 20. Ne3 Nxe3 21. Rxe3
e6 22. Rae1 Rac8 23. Nd3 Bf8 24. Kf1 b6 25. Ne5 c5 26. d5 exd5 27. Rd1 d4 28.
cxd4 cxd4 29. Rb3 Bc2 30. Rdd3 Bxb3 31. Rxb3 Rc1+ 32. Ke2 Rdc8 33. Bd5 R8c2+
34. Kd3 Rxh2 35. Bxf7+ Kg7 36. Rxb5 Bd6 37. Be8 Bxe5 38. Rxe5 Rd1+ 39. Kc4 d3
40. Bxh5 Rc2+ 41. Kb3 Rb1 42. Bxg4 Rbxb2+ 0-1

[Event "Jm KP I 24-25 Sloup-Vyskov"]
[Site "Sloup, board 7"]
[Date "2024.11.10"]
[Round "11.7"]
[White "Balaz, Frantisek"]
[Black "Pukowietz, Patrik"]
[Result "1/2-1/2"]
[WhiteElo "1912"]
[BlackElo "1744"]
[PlyCount "47"]

1. e4 c6 2. c4 d5 3. cxd5 cxd5 4. exd5 Qxd5 5. d4 Nc6 6. Nf3 Bg4 7. Be2 e6 8.
Nc3 Bb4 9. O-O Qa5 10. Bd2 Nf6 11. a3 Bxc3 12. Bxc3 Qd5 13. h3 Bh5 14. Ne5 Bxe2
15. Qxe2 O-O 16. Rfd1 Rfd8 17. Rac1 Rac8 18. Qe3 Ne4 19. Nd3 Nxc3 20. bxc3 Na5
21. Ne5 Nc4 22. Qg3 Nxe5 23. dxe5 Qc5 24. Qh4 1/2-1/2

[Event "Jm KP I 24-25 Sloup-Vyskov"]
[Site "Sloup, board 8"]
[Date "2024.11.10"]
[Round "11.8"]
[White "Mikulasek, Ondrej"]
[Black "Helebrand, Zdenek"]
[Result "0-1"]
[WhiteElo "1737"]
[BlackElo "1891"]
[PlyCount "81"]

1. d4 Nf6 2. c4 g6 3. Nc3 Bg7 4. e4 d6 5. Be2 O-O 6. Nf3 e5 7. d5 Nbd7 8. O-O
a5 9. Be3 Ng4 10. Bg5 f6 11. Bh4 Nc5 12. Ne1 Nh6 13. Nd3 b6 14. a3 g5 15. Bg3
f5 16. f3 f4 17. Bf2 Nf7 18. Nxc5 bxc5 19. b4 axb4 20. axb4 Rxa1 21. Qxa1 cxb4
22. Nb5 h5 23. Qa5 g4 24. Qxc7 Qf6 25. c5 g3 26. hxg3 fxg3 27. Bxg3 dxc5 28.
Qxc5 Qg5 29. Qf2 Ba6 30. Bh4 Qd2 31. Qe1 Qc2 32. Nd4 exd4 33. Bxa6 d3 34. Qxb4
Ra8 35. Qc4 Ne5 36. Qxc2 dxc2 37. Bb7 Rb8 38. Bc6 Bh6 39. f4 Bxf4 40. Bg3 Bxg3
41. Rc1 0-1

[Event "Jm KP I 24-25 Kurim B - Loko Brno B"]
[Site "Kurim"]
[Date "2024.11.10"]
[Round "12.1"]
[White "Pokorny, Petr"]
[Black "Straka, Vojtech"]
[Result "1/2-1/2"]
[WhiteElo "2115"]
[BlackElo "2015"]
[PlyCount "40"]

1. d4 c6 2. c4 d5 3. Nc3 Nf6 4. cxd5 cxd5 5. Bf4 Nc6 6. e3 a6 7. Bd3 g6 8. Nf3
Bg7 9. h3 b5 10. O-O O-O 11. Rc1 Bb7 12. Ne5 Rc8 13. Nxc6 Bxc6 14. Be5 Ne8 15.
Bxg7 Nxg7 16. Nb1 Qd6 17. Be2 e5 18. dxe5 Qxe5 19. Qd2 Ne6 20. Rfe1 d4 1/2-1/2

[Event "Jm KP I 24-25 Kurim B - Loko Brno B"]
[Site "Kurim"]
[Date "2024.11.10"]
[Round "12.2"]
[White "Wunsch, Radek"]
[Black "Krena, Bohuslav"]
[Result "1-0"]
[WhiteElo "1953"]
[BlackElo "1947"]
[PlyCount "47"]

1. e4 e6 2. f4 d5 3. e5 c5 4. Nf3 d4 5. Bd3 Nc6 6. c3 a6 7. O-O Rb8 8. Qe2 b5
9. Be4 Bb7 10. d3 Nh6 11. Nbd2 f5 12. exf6 Qxf6 13. Ne5 Ne7 14. Bxb7 Rxb7 15.
Ne4 Qh4 16. Nd6+ Kd8 17. Nxb7+ Kc7 18. Nxc5 Nef5 19. Nxe6+ Kb6 20. Qe4 Bd6 21.
Qc6+ Ka7 22. Nd7 Ng4 23. Qb6+ Ka8 24. Qxa6# 1-0